|
|
|
|
| LEADER |
00000nam0a2200000 4500 |
| 001 |
148856 |
| 005 |
20231031145618.0 |
| 020 |
|
|
|a RU
|b 86-80141
|
| 035 |
|
|
|a (RuTPU)RU\TPU\book\161388
|
| 090 |
|
|
|a 148856
|
| 100 |
|
|
|a 20081209d1986 m y0rusy5003 ca
|
| 101 |
0 |
|
|a rus
|c arm
|
| 102 |
|
|
|a RU
|
| 105 |
|
|
|a a z 000ay
|
| 200 |
1 |
|
|a Храбрый Назар. Здравствуй, доброе солнце
|e романы
|f М. Д. Саркисян
|g пер. с арм. К. Халатова ; А. Тер-Акопян
|
| 210 |
|
|
|a Москва
|c Советский писатель
|d 1986
|
| 215 |
|
|
|a 344,[2] с.
|c портр., ил.
|
| 333 |
|
|
|a Исключено из фонда НТБ ТПУ
|
| 700 |
|
1 |
|a Саркисян
|b М. Д.
|g Мкртич Дивинович
|
| 702 |
|
1 |
|a Халатова
|b К.
|g Каринэ
|4 730
|
| 702 |
|
1 |
|a .Тер-Акопян
|b А.
|g Алла
|4 730
|
| 801 |
|
0 |
|a RU
|b RuMRKP
|c 19950704
|g psbo
|
| 801 |
|
1 |
|a RU
|b 63413507
|c 20081209
|g PSBO
|
| 801 |
|
2 |
|a RU
|b 63413507
|c 20220602
|g PSBO
|
| 942 |
|
|
|c BK
|